000 00612nam a22002537a 4500
003 UA-OsUOA
001 20896
007 ta
008 20031107b un ||||| |||| 00| 0 ukr d
100 _aБойко О.Д.
090 _a94(477)
_bБ77
942 _cBK
040 _aUA-OsUOA
_bukr
_cUA-OsUOA
_dUA-OsUOA
245 _aІсторія України: Запитання і відповіді
300 _a320 с.
955 _a0
041 _aukr
080 _a94(477)
020 _a966-580-008-6
260 _aКиїв
_bАкадемія
_c1997
044 _aUA
650 7 _2UDC
999 _c307084
_d307084